000 00860na a2200301 4500
001 14198
003 MIRAKIL
005 20181213154936.0
008 161025b tu 000 0
020 _a9789751940568
035 _a14198
040 _aMilas
_btur
_cTR-AnCHP
041 _atur
082 _a297.5
_bA43a
090 _a297.5 A43a 2007
130 _aAhlâkım
245 _aAhlâkım
_btemel İslam bilgileri
_ceditör Mehmet Emin Özafşar, Recai Doğan
246 _aTemel İslam bilgiler
260 _aAnkara
_bDiyanet İşleri Başkanlığı
_c2007
300 _a120 s.
_bres.
_c24 sm.
440 _aDiyanet İşleri Başkanlığı yayınları
_v702
490 _aMesleki kitaplar
_v55
500 _aKaynakça var.
650 _aİslam ahlakı
700 _aDoğan, Recai
700 _aÖzafşar, Mehmet Emin
942 _2ddc
_cBKS
999 _c3588
_d3588